| 000 | 00779nam a2200205 4500 | ||
|---|---|---|---|
| 999 |
_c8001 _d8001 |
||
| 008 | 171208b xxu||||| |||| 00| 0 eng d | ||
| 020 | _a0471326186 | ||
| 082 |
_21999 _aDC 658.1511 _bW68c |
||
| 100 |
_924649 _aWillson, James D. author. |
||
| 245 |
_aControllership, the work of the managerial accountant / _cJames D. Willson, Janice M. Roehl-Anderson, Steven M. Bragg. |
||
| 250 | _aSixth edition. | ||
| 260 |
_aNew York : _bJohn Wiley, _c©1999. |
||
| 300 |
_axiii, 1374 pages : _billustration ; _c 26 cm. |
||
| 500 | _aIncludes bibliographical references and index. | ||
| 650 | 0 |
_924650 _aControllership |
|
| 650 | 0 |
_924651 _aManagerial accounting |
|
| 700 |
_924652 _aRoehl-Anderson, Janice M., author. |
||
| 700 |
_924653 _aBragg, Steven M., author. |
||
| 942 |
_2ddc _cDC |
||